Statistics for Wonderland lyrics

Click here to take the quiz!

General Stats

  • This quiz has been taken 443 times
  • The average score is 299 of 343

Answer Stats

Lyrics% Correct
I
100%
a
99%
And
99%
and
99%
In
99%
in
99%
we
99%
We
99%
go
98%
it
98%
Wonderland
98%
Wonderland,
98%
You
98%
you
98%
got
97%
last
97%
lost
97%
found
96%
the
96%
eh,
95%
me
95%
me?
95%
to
94%
your
94%
didn't
93%
Didn't
93%
for
93%
at
92%
but
92%
But
92%
eye
92%
flash
92%
eyes
91%
forever,
91%
green
91%
never
91%
better,
90%
could
90%
Oh,
90%
oh
90%
they
90%
us
90%
don't
89%
tell
89%
was
89%
into
88%
rush
88%
things?
88%
too
88%
worse
88%
All
87%
all
87%
down
87%
hole
87%
rabbit
87%
fell
86%
life
86%
pretended
86%
seem
86%
turn
86%
new
84%
so
84%
So
84%
mind
83%
of
83%
on
83%
took
83%
what
83%
around
81%
exciting?
81%
felt
81%
smile?
81%
arms
80%
Cat
80%
lights
80%
twisting
80%
were
80%
with
80%
wrong
80%
Flashing
79%
eh
77%
eh,
77%
went
77%
out
75%
curious
74%
held
74%
minds?
73%
night
73%
'Cause
72%
tight
72%
open
71%
control
70%
love
70%
my
70%
one
70%
seems
69%
as
68%
end,
68%
had
68%
their
68%
both
67%
Cheshire
67%
gone
67%
It's
67%
mad
67%
our
67%
talking
67%
turned
67%
becomes
66%
Haven't
66%
heard
66%
think
66%
back
65%
screams,
65%
'til
65%
fears
64%
home
64%
loses
64%
slept
64%
way,
64%
whispers
64%
spinning
63%
straight
63%
there
63%
search
62%
fun
61%
nothing's
61%
should've
61%
somebody
61%
knew
60%
like
60%
or
60%
strangers
60%
games
59%
reached
59%
seemed
58%
world
58%
feel
56%
alone,
55%
something
55%
watching
55%
darling,
52%
make
52%
else
48%
call
31%

Score Distribution

Percentile by Number Answered

Percent of People with Each Score

Your Score History

You have not taken this quiz